000 00771nam a2200205 i 4500
001 bg
245 0 0 _aOchrona i rekultywacja jezior i zbiorników wodnych :
_bII konferencja naukowo-techniczna, Międzyzdroje, 7-8 marca 1996 /
_ckom. nauk. konf. Andrzej Kreft [et al.].
260 _aSzczecin :
_bBiuro Informacji Gospodarczej,
_c1996.
300 _a210 s. :
_bmapy, rys., wykr. ;
_c24 cm.
504 _aBibliogr., streszcz., summ. przy ref.
650 9 _aJeziora
_xhigiena i ochrona
_zPolska
650 9 _aZbiorniki wodne
_ahigiena i ochrona
_zPolska
655 _aMateriały konferencyjne
700 1 _aKREFT, Andrzej.
_eRed.
040 _cBPK
041 0 _apl
_benpl
080 _a556.5:504.4](438)(061.3)
942 _cKS
008 s pl f |000 0 pol
999 _c32363
_d32363
856 _uhttp://koha.tu.koszalin.pl/cgi-bin/koha/opac-detail.pl?biblionumber=32363
_yKatalog online BPK